লোডিং...

WTO, India and emerging areas of trade challenges and strategies

গ্রন্থ-পঞ্জীর বিবরন
প্রধান লেখক: Ramesh, P, Ed
বিন্যাস: Printed Book
প্রকাশিত: Excel Books, New Delhi 2008
বিষয়গুলি:
LEADER 00484nam a2200157 4500
082 |a 382.92 RAM-W 
100 |a Ramesh, P, Ed. 
245 |a WTO, India and emerging areas of trade challenges and strategies  |c Ramesh, P, Ed. 
250
260 |a Excel Books, New Delhi  |c 2008 
300 |a 337 p 
490
650 |a WTO, GATT 
942 |c BK 
999 |c 127507  |d 127507 
952 |0 0  |1 0  |4 0  |6 382_920000000000000_RAMW  |7 0  |9 140969  |a COM  |b COM  |l 0  |o 382.92 RAM-W  |p COM04308  |r 2019-10-24  |w 2019-10-24  |y BK